Statistics for Game of Thrones - Were You Even Paying Attention?

Click here to take the quiz!

General Stats

  • This quiz has been taken 21,414 times
  • The average score is 23 of 28

Answer Stats

HintAnswer% Correct
What is the capital of the seven kingdoms?King's Landing
94%
What type of animal is used to send messages between castles?Ravens
94%
... and who killed him?Arya Stark
93%
What was Sandor Clegane's nickname?The Hound
93%
Name one of the Stark direwolves.Grey Wind, Ghost,
Lady, Nymeria, Summer,
or Shaggydog
92%
What group of islands do the Greyjoys come from?{Iron} Islands
92%
What is Jaime Lannister's prosthetic hand made of?Gold
91%
What does a Lannister always do?Pay his debts
90%
What are the words of house Stark?Winter is coming
90%
What weapon does Tyrion use to kill his father?Crossbow
89%
Name one of Daenerys's dragons.Drogon, Rhaegal,
or Viserion
89%
Who is the leader of the army of the dead?Night King
89%
What does Jon Snow know?Nothing
89%
What group of people are nomadic horse warriors?The Dothraki
84%
What northern house is known for flaying their enemies?Bolton
83%
Who is the most powerful female warrior in the seven kingdoms?Brienne of Tarth
83%
Who was the first person to kill a White Walker, earning him the nickname
"the slayer"?
Samwell Tarly
83%
What is the best type of steel?Valyrian Steel
83%
Who inhabited Westeros before the first men came?Children of the {Forest}
81%
Fill in the blank: The night is dark and full of _______Terrors
81%
What group of eunuch soldiers did Daenerys buy in Slaver's Bay?The Unsullied
80%
Who was the brother of Stannis and Robert Baratheon?Renly
79%
What city is home to the Iron Bank and the Faceless Men?Braavos
74%
What is the seat of House Lannister?Casterly Rock
73%
Who is the king of the wildlings?Mance Rayder
72%
What house rules the fertile kingdom known as the Reach?Tyrell
71%
What is the term for a person like Bronn who fights for the highest bidder?Sellsword
63%
Name one of the faces of the seven-faced god.Father, mother,
maiden, crone, warrior,
smith, stranger
56%

Score Distribution

Percentile by Number Answered

Percent of People with Each Score

Your Score History

You have not taken this quiz